| 000 | 00967nam a2200217Ia 4500 | ||
|---|---|---|---|
| 003 | Ost | ||
| 005 | 20260507075013.0 | ||
| 008 | 260507s9999||||xx |||||||||||||| ||und|| | ||
| 040 | _cfsecg | ||
| 041 | _aara | ||
| 082 | _a657.95 | ||
| 100 |
_aدبيان، عبد المقصود محمد _eمؤلف |
||
| 245 | 0 |
_aمشاكل المحاسبة في شركات الأشخاص / _c عبد المقصود محمد دبيان |
|
| 260 |
_aالإسكندرية: _bالدار الجامعية, _c2003 |
||
| 300 |
_a397 صفحة؛ _bإيضاحات ؛ _c24 سم |
||
| 520 | _aتكوين شركات الأشخاص-النشاط التجاري لشركات الأشخاص-التعديل في هيكل شركة الأشخاص-مشاكل المحاسبة عن إنقضاء شركة الأشخاص | ||
| 653 | _aالشركات- محاسبة | ||
| 653 | _aالمحاسبة | ||
| 700 |
_aعبد اللطيف، ناصر نور الدين _eمؤلف ثانوي |
||
| 942 | _cكتاب | ||
| 999 |
_c42174 _d42174 |
||